| 000 | 00575nam a22001937a 4500 | ||
|---|---|---|---|
| 003 | OSt | ||
| 005 | 20180827083920.0 | ||
| 008 | 180305b xxu||||| |||| 00| 0 spa d | ||
| 020 | _a9509606596 | ||
| 040 | _cPJ | ||
| 100 |
_91277 _aVítolo, Daniel Roque |
||
| 245 | 1 | 0 |
_aContratos comerciales / _cDaniel Roque Vítolo. |
| 260 |
_aBuenos Aires : _bAd-Hoc, _c1993. |
||
| 300 |
_a878 p. _c22 cm. _bencuadernado |
||
| 504 | _aBibliografía: p. 863-878. | ||
| 650 | 0 |
_91602 _aDERECHO COMERCIAL |
|
| 650 | 0 |
_91670 _aCONTRATOS COMERCIALES |
|
| 942 |
_2udc _cLIB _h347.741 _iVIT |
||
| 999 |
_c1265 _d1265 |
||